00243nam a2200085Ia 4500008004100000041000800041100002200049245005500071260003100126241105s9999 xx 000 0 und d aeng aKulkarni Sonali S aPunyavishwa : Complex For Cultural Tourism In Pune bBNCA B-Arch ID, Punec2016